000 00444nam a2200157 i 4500
001 47275
003 ES-MaACL
005 20230906161531.0
007 t|
008 030404s1965 xxu ||||1| eng d
100 1 _aCooper, James Fenimore.
_940390
245 1 4 _aThe last of the Mohicans /
_cJames Fenimore Cooper.
260 _aNew York :
_bHarper and Row,
_c[1965]
300 _aXXVI, 422 p. ;
_c18 cm.
852 _aES-MaACL
_jC-37057
_bR.66115
999 _c47275
_d47275